000 00642nam a2200217 a 4500
999 _c3259
_d3259
001 3259
003 BD-JhCC
005 20171112102751.0
008 171112s1976 bg |||| ||a| 000 0 ben d
035 _a(BD-JhCC)3259
040 _aBD-JhCC
_dBD-JhCC
041 _aben
082 _a891.443
_bULL 1976
100 _aউল্লাহ, মোহাম্মদ রহমত
245 _aরং বেরং /
_cমোহাম্মদ রহমত উল্লাহ,
260 _aঢাকা :
_bবারকো প্রেস,
_c1976
300 _a171 p. :
_c20 cm
650 _aBengali Novel
942 _2ddc
_cBK